[Event "Anti Cheating Blitz Cup"]
[Site "Chess.com INT"]
[Date "2020.05.20"]
[Round "10"]
[White "Carcamo, Matias"]
[Black "Riccobon, Elia"]
[Result "1-0"]
[WhiteElo "2103"]
[BlackElo "1924"]
[PlyCount "125"]
[EventDate "2020.05.20"]
[EventType "swiss (blitz)"]
[EventRounds "11"]
[EventCountry "USA"]
[SourceTitle "CBM 196 Extra"]
[Source "ChessBase"]
[SourceDate "2020.07.31"]
[SourceVersion "1"]
[SourceVersionDate "2020.07.31"]
[SourceQuality "1"]

1. e4 e5 2. Nf3 Nc6 3. Bb5 a6 4. Ba4 Nf6 5. d3 b5 6. Bb3 Bc5 7. 0-0 0-0 8. Bg5 h6 9. Bh4 d6 10. h3 Be6 11. c3 Bxb3 12. Qxb3 Kh7 13. Nbd2 g5 14. Bg3 Nh5 15. Bh2 f5 16. Rae1 f4 17. Qd5 Ne7 18. Qb3 Ng6 19. d4 Bb6 20. Rd1 Qe7 21. Rfe1 Rad8 22. Nf1 Nf6 23. a4 bxa4 24. Qxa4 a5 25. b4 axb4 26. Qxb4 g4 27. hxg4 Nxg4 28. Re2 Nh4 29. N1d2 Rg8 30. Kh1 Nxh2 31. Nxh2 Rxg2 32. Ndf3 Rxh2+ 33. Nxh2 Rg8 34. f3 Rg3 35. Qc4 Nxf3 36. Nxf3 Rxf3 37. Rg2 Qh4+ 38. Kg1 Rg3 39. Qf7+ Kh8 40. Qf8+ Kh7 41. Qf5+ Kh8 42. Rd3 Rxg2+ 43. Kxg2 Qg5+ 44. Qxg5 hxg5 45. Kf3 Kg7 46. Kg4 exd4 47. cxd4 Kf6 48. Rd1 c5 49. dxc5 Bxc5 50. Rd5 Ke6 51. Rxg5 Be3 52. Rf5 Ke7 53. Kf3 Ke6 54. Ke2 Kd7 55. Kd3 Kc6 56. Kc4 Bd2 57. Rf6 Kd7 58. Kd5 Ke7 59. Rxd6 f3 60. Re6+ Kf7 61. Re5 Kg6 62. Rf5 Bg5 63. Rxf3 1-0

[Event "Anti Cheating Blitz Cup"]
[Site "Chess.com INT"]
[Date "2020.05.20"]
[Round "5"]
[White "Riccobon, Elia"]
[Black "Gergolet, Jan"]
[Result "1-0"]
[WhiteElo "1924"]
[BlackElo "1568"]
[PlyCount "81"]
[EventDate "2020.05.20"]
[EventType "swiss (blitz)"]
[EventRounds "11"]
[EventCountry "USA"]
[SourceTitle "CBM 196 Extra"]
[Source "ChessBase"]
[SourceDate "2020.07.31"]
[SourceVersion "1"]
[SourceVersionDate "2020.07.31"]
[SourceQuality "1"]

1. e4 e5 2. Nf3 Nf6 3. Nc3 Bb4 4. Bc4 Bxc3 5. dxc3 d6 6. Bg5 Bg4 7. h3 Bh5 8. 0-0 Nbd7 9. Qe2 0-0 10. Rad1 Qb8 11. Qe3 c6 12. Nh2 Bxd1 13. Rxd1 Nxe4 14. Qxe4 d5 15. Bxd5 cxd5 16. Rxd5 Nb6 17. Rxe5 Re8 18. Bf4 Rxe5 19. Bxe5 Qe8 20. Qd4 Rd8 21. Qf4 Qb5 22. Bd4 Re8 23. Ng4 Nd5 24. Qg3 g6 25. b3 Re1+ 26. Kh2 Qe8 27. c4 f5 28. Nh6+ Kf8 29. cxd5 Qe4 30. Qd6+ Qe7 31. Qxe7+ Kxe7 32. Ng8+ Kd6 33. Nf6 Re2 34. c3 Rxa2 35. Ne8+ Ke7 36. Nc7 Rb2 37. b4 b6 38. Nb5 a5 39. d6+ Kd7 40. Bxb6 axb4 41. c4 1-0

[Event "Anti Cheating Blitz Cup"]
[Site "Chess.com INT"]
[Date "2020.05.20"]
[Round "11"]
[White "Riccobon, Elia"]
[Black "Jimenez Ruano, Adrian"]
[Result "0-1"]
[WhiteElo "1924"]
[BlackElo "2218"]
[PlyCount "122"]
[EventDate "2020.05.20"]
[EventType "swiss (blitz)"]
[EventRounds "11"]
[EventCountry "USA"]
[SourceTitle "CBM 196 Extra"]
[Source "ChessBase"]
[SourceDate "2020.07.31"]
[SourceVersion "1"]
[SourceVersionDate "2020.07.31"]
[SourceQuality "1"]

1. e4 c5 2. a3 g6 3. b4 Bg7 4. c3 d6 5. d4 cxd4 6. cxd4 Nc6 7. Bb2 Qb6 8. Nf3 Bg4 9. Nc3 Bxf3 10. gxf3 Bxd4 11. Nd5 Bxf2+ 12. Ke2 Qd8 13. Kxf2 e5 14. Bb5 Nh6 15. Rc1 0-0 16. h4 f5 17. exf5 Nxf5 18. h5 Qg5 19. Rh3 Ncd4 20. Be2 Nxe2 21. Qxe2 Nh4 22. Rg1 Qxh5 23. Rgg3 Rf7 24. Qc4 Kg7 25. Qxh4 Qxh4 26. Rxh4 Raf8 27. Rgh3 h5 28. Ne3 Rd7 29. f4 Kh7 30. Ke2 exf4 31. Ng2 Re7+ 32. Kf3 Kg8 33. Rxf4 Rxf4+ 34. Kxf4 Re2 35. Ne3 Rxb2 36. Kg5 Kg7 37. Nd5 Rg2+ 38. Kf4 Rd2 39. Nc7 Rd4+ 40. Ke3 Rc4 41. Ne6+ Kf6 42. Nf4 Kf5 43. Rf3 Kg4 44. Nd3 Rc3 45. Rf6 g5 46. a4 d5 47. a5 h4 48. Rd6 h3 49. Kd2 Ra3 50. Rh6 h2 51. Rh7 Ra2+ 52. Kc3 Kg3 53. Ne1 g4 54. Nd3 Kg2 55. Nf4+ Kg1 56. Nxd5 g3 57. Kb3 Rd2 58. Nc3 g2 59. Nb1 Rf2 60. Kc3 h1Q 61. Nd2 Qxh7 0-1

[Event "Nova Gorica op 23rd"]
[Site "Nova Gorica"]
[Date "2018.01.31"]
[Round "8"]
[White "Pregarac, Valter"]
[Black "Riccobon, Elia"]
[Result "1-0"]
[WhiteElo "2174"]
[BlackElo "1975"]
[PlyCount "95"]
[EventDate "2018.01.26"]
[EventType "swiss"]
[EventRounds "9"]
[EventCountry "SLO"]
[SourceTitle "CBM 182 Extra"]
[Source "ChessBase"]
[SourceDate "2018.02.23"]
[SourceVersion "1"]
[SourceVersionDate "2018.02.23"]
[SourceQuality "1"]

1. Nf3 f5 2. c4 Nf6 3. Nc3 e6 4. g3 b6 5. Bg2 Bb7 6. 0-0 Bb4 7. Qc2 0-0 8. a3 Be7 9. b4 a5 10. b5 Qe8 11. d3 Qh5 12. Ne5 Ng4 13. Nxg4 Bxg2 14. Nh6+ gxh6 15. Kxg2 d6 16. e3 Nd7 17. Qe2 Qg6 18. Bb2 h5 19. Rad1 Rf7 20. Kh1 h6 21. f4 Qg4 22. Qg2 Raf8 23. e4 Kh7 24. exf5 exf5 25. Nd5 Bd8 26. Bd4 h4 27. gxh4 Qxh4 28. Rg1 Qg4 29. Qxg4 fxg4 30. Rxg4 Nf6 31. Bxf6 Bxf6 32. Re1 Bb2 33. a4 Rg8 34. Rxg8 Kxg8 35. Re8+ Kg7 36. Rc8 Kg6 37. Rxc7 Rxc7 38. Nxc7 Kf5 39. Nd5 Bd4 40. Kg2 Kg4 41. h3+ Kh4 42. Ne7 Kh5 43. Nf5 Bc5 44. Kf3 Kg6 45. Ke4 h5 46. d4 Bb4 47. Ne7+ Kf7 48. Nd5 1-0

[Event "Nova Gorica op 22nd"]
[Site "Nova Gorica"]
[Date "2017.02.02"]
[Round "9"]
[White "Riccobon, Elia"]
[Black "Vidmar, Klara"]
[Result "1-0"]
[WhiteElo "2003"]
[BlackElo "1624"]
[PlyCount "49"]
[EventDate "2017.01.27"]
[EventType "swiss"]
[EventRounds "9"]
[EventCountry "SLO"]
[SourceTitle "CBM 176 Extra"]
[Source "ChessBase"]
[SourceDate "2017.03.02"]
[SourceVersion "1"]
[SourceVersionDate "2017.03.02"]
[SourceQuality "1"]

1. d4 d5 2. Nf3 Nf6 3. e3 c5 4. b3 Nc6 5. Nbd2 Bf5 6. Nh4 Bd7 7. Bb2 e6 8. Bd3 cxd4 9. exd4 Bd6 10. Nhf3 0-0 11. 0-0 Rc8 12. a3 Re8 13. Ne5 Qc7 14. f4 h6 15. Qe2 Re7 16. g4 Qb6 17. Ndf3 Bxe5 18. fxe5 Nh7 19. g5 Nxg5 20. Nxg5 hxg5 21. Qh5 g6 22. Qxg5 Nxd4 23. Kh1 Rce8 24. Rf6 Bc6 25. Bxg6 1-0

[Event "Nova Gorica op 22nd"]
[Site "Nova Gorica"]
[Date "2017.01.31"]
[Round "7"]
[White "Riccobon, Elia"]
[Black "Zlatanovic, Srdjan"]
[Result "1/2-1/2"]
[WhiteElo "2003"]
[BlackElo "1557"]
[PlyCount "110"]
[EventDate "2017.01.27"]
[EventType "swiss"]
[EventRounds "9"]
[EventCountry "SLO"]
[SourceTitle "CBM 176 Extra"]
[Source "ChessBase"]
[SourceDate "2017.03.02"]
[SourceVersion "1"]
[SourceVersionDate "2017.03.02"]
[SourceQuality "1"]

1. d4 Nf6 2. Nf3 e6 3. e3 b6 4. Bd3 Bb7 5. Nbd2 Bb4 6. 0-0 d5 7. Ne5 Bd6 8. f4 Nbd7 9. c3 c5 10. Qf3 g6 11. g4 h5 12. g5 Ng8 13. Nxg6 fxg6 14. Bxg6+ Ke7 15. h4 Qf8 16. Qh3 Nh6 17. Nf3 Qg7 18. Bd3 Raf8 19. Bd2 Bc8 20. Ne5 Bxe5 21. fxe5 Rxf1+ 22. Rxf1 Rf8 23. Rxf8 Nxf8 24. Qf3 Ng4 25. Qf6+ Nxf6 26. exf6+ Qxf6 27. gxf6+ Kxf6 28. Be2 Kg6 29. Bd3+ Kf6 30. e4 dxe4 31. Bxe4 cxd4 32. cxd4 Bd7 33. Bh6 Ke7 34. Kf2 Be8 35. Ke3 Ng6 36. Bg5+ Kd6 37. b4 e5 38. Bf3 Nf8 39. dxe5+ Kxe5 40. Bf4+ Ke6 41. Bb8 a5 42. Bc7 Nd7 43. bxa5 bxa5 44. Bxa5 Ne5 45. Be2 Bc6 46. Bc3 Be8 47. Kf4 Ng4 48. Kg5 Ke7 49. Bd1 Kd6 50. Bc2 Nh2 51. Be4 Ng4 52. Bg6 Bxg6 53. Kxg6 Nh2 54. a4 Kc6 55. Kf7 Kb7 1/2-1/2

[Event "Palmanova op 5th"]
[Site "Palmanova"]
[Date "2016.12.09"]
[Round "2"]
[White "Dappiano, Andrea"]
[Black "Riccobon, Elia"]
[Result "1-0"]
[WhiteElo "2309"]
[BlackElo "1972"]
[PlyCount "45"]
[EventDate "2016.12.08"]
[EventType "swiss"]
[EventRounds "6"]
[EventCountry "ITA"]
[SourceTitle "CBM 176 Extra"]
[Source "ChessBase"]
[SourceDate "2017.03.02"]
[SourceVersion "1"]
[SourceVersionDate "2017.03.02"]
[SourceQuality "1"]

1. e4 c5 2. Nc3 Nc6 3. g3 g6 4. Bg2 Bg7 5. d3 d6 6. Be3 Rb8 7. Qd2 b5 8. Nge2 b4 9. Nd1 Bd7 10. 0-0 Qc8 11. f4 Bh3 12. Bxh3 Qxh3 13. f5 Bh6 14. Nf4 Bxf4 15. Rxf4 g5 16. Rh4 gxh4 17. Nf2 Ne5 18. Qe2 hxg3 19. Nxh3 gxh2+ 20. Kxh2 Nf6 21. Nf2 h5 22. d4 Nfg4+ 23. Kh1 1-0

[Event "Chioggia op-A 11th"]
[Site "Chioggia"]
[Date "2016.10.09"]
[Round "5"]
[White "Riccobon, Elia"]
[Black "Bacchini, Stefano"]
[Result "0-1"]
[WhiteElo "1979"]
[BlackElo "1969"]
[PlyCount "166"]
[EventDate "2016.10.07"]
[EventType "swiss"]
[EventRounds "5"]
[EventCountry "ITA"]
[SourceTitle "EXT 2022"]
[Source "ChessBase"]
[SourceDate "2021.10.06"]
[SourceVersion "1"]
[SourceVersionDate "2021.10.06"]
[SourceQuality "1"]

1. e4 Nf6 2. e5 Nd5 3. d4 d6 4. exd6 exd6 5. Nf3 Bg4 6. c3 Be7 7. Bd3 Nd7 8. 0-0 N7f6 9. Na3 0-0 10. Nc2 Re8 11. h3 Bh5 12. Bg5 Bg6 13. Bxg6 hxg6 14. Qd3 Nh7 15. Bxe7 Qxe7 16. Rfe1 Qd7 17. Qd2 Rxe1+ 18. Rxe1 Re8 19. c4 Rxe1+ 20. Ncxe1 Ne7 21. Nd3 Nf6 22. Qf4 Qa4 23. c5 Ned5 24. Qg3 Qd1+ 25. Nde1 dxc5 26. dxc5 Qb1 27. Qe5 Qxa2 28. g4 Qc4 29. g5 Nh5 30. Qe8+ Kh7 31. Qxf7 Qxc5 32. Ne5 Nhf4 33. N1d3 Qd4 34. Nxf4 Nxf4 35. Nd7 Nxh3+ 36. Kg2 Qg4+ 37. Kh1 Qxg5 38. Nf8+ Kh6 39. Qf3 Qc1+ 40. Kg2 Nf4+ 41. Kh2 Nh5 42. Ne6 b6 43. Qf8 Kh7 44. Qf7 Qc2 45. Nf8+ Kh6 46. Kg1 a5 47. b3 Qc1+ 48. Kg2 Qg5+ 49. Kf1 Qf6 50. Qg8 Qf5 51. Ne6 g5 52. Qh8+ Qh7 53. Qe8 Qb1+ 54. Kg2 Nf4+ 55. Kh2 Nxe6 56. Qxe6+ Qg6 57. Qc4 Qd6+ 58. Kg2 c6 59. Qc2 b5 60. f3 Qd5 61. Kg3 Qd6+ 62. Kg2 c5 63. Qc3 b4 64. Qc4 Qd2+ 65. Kf1 Qd6 66. Qg4 Qf6 67. Qh3+ Kg6 68. Qg4 Qa1+ 69. Kg2 Qb2+ 70. Kg3 Qxb3 71. Qe4+ Kf6 72. Qe8 Qe6 73. Qf8+ Kg6 74. Qxc5 Qf5 75. Qb6+ Kh7 76. Qb7 Qf4+ 77. Kg2 a4 78. Qd7 a3 79. Qh3+ Kg6 80. Qe6+ Qf6 81. Qe8+ Kh7 82. Qe4+ Kh6 83. Qc4 b3 0-1

[Event "Trieste op 18th"]
[Site "Trieste"]
[Date "2016.09.04"]
[Round "3"]
[White "Pelagatti, Alessandro"]
[Black "Riccobon, Elia"]
[Result "1-0"]
[WhiteElo "2128"]
[BlackElo "2004"]
[PlyCount "79"]
[EventDate "2016.09.03"]
[EventType "swiss"]
[EventRounds "9"]
[EventCountry "ITA"]
[SourceTitle "CBM 174 Extra"]
[Source "ChessBase"]
[SourceDate "2016.10.10"]
[SourceVersion "1"]
[SourceVersionDate "2016.10.10"]
[SourceQuality "1"]

1. d4 d5 2. Nf3 c6 3. c4 e6 4. Nc3 f5 5. Bf4 Nf6 6. e3 Be7 7. Bd3 0-0 8. Qc2 Ne4 9. g4 Bh4 10. Bg3 Bxg3 11. hxg3 Nd7 12. gxf5 exf5 13. cxd5 cxd5 14. Nxd5 Qa5+ 15. Kf1 Ndf6 16. Nxf6+ Nxf6 17. Qc4+ Nd5 18. Qb5 Qd8 19. Bc4 Be6 20. Ng5 Qxg5 21. Bxd5 Rae8 22. Qxb7 Kh8 23. Bxe6 Rxe6 24. Rc1 Rb6 25. Rc8 Qf6 26. Qa8 Kg8 27. Kg2 Rxc8 28. Qxc8+ Kf7 29. Qd7+ Kg6 30. Qe8+ Qf7 31. Qxf7+ Kxf7 32. Rc1 a6 33. b3 h6 34. Rc5 Ke6 35. Kf3 g5 36. d5+ Kd7 37. Rc6 Rxc6 38. dxc6+ Kxc6 39. g4 fxg4+ 40. Kxg4 1-0

[Event "Trieste op 18th"]
[Site "Trieste"]
[Date "2016.09.03"]
[Round "1"]
[White "Praznik, Niko"]
[Black "Riccobon, Elia"]
[Result "1-0"]
[WhiteElo "2386"]
[BlackElo "2004"]
[PlyCount "59"]
[EventDate "2016.09.03"]
[EventType "swiss"]
[EventRounds "9"]
[EventCountry "ITA"]
[SourceTitle "CBM 174 Extra"]
[Source "ChessBase"]
[SourceDate "2016.10.10"]
[SourceVersion "1"]
[SourceVersionDate "2016.10.10"]
[SourceQuality "1"]

1. c4 e5 2. g3 f5 3. Bg2 Nf6 4. Nc3 Nc6 5. e3 g6 6. Nge2 Bg7 7. d3 0-0 8. 0-0 Re8 9. Rb1 d6 10. b4 Qe7 11. b5 Nd8 12. a4 Be6 13. Ba3 Qf7 14. a5 e4 15. Nf4 exd3 16. Nxe6 Qxe6 17. Nd5 Qd7 18. Nxf6+ Bxf6 19. Qxd3 Rb8 20. c5 Be5 21. Rfd1 Nf7 22. c6 Qe7 23. cxb7 Bg7 24. Bd5 Qf8 25. Bxf7+ Qxf7 26. a6 Re4 27. Bb2 Rbe8 28. Bxg7 Qxg7 29. Rbc1 R4e7 30. Qc3 1-0

[Event "Portoroz op 10th"]
[Site "Portoroz"]
[Date "2016.07.26"]
[Round "5"]
[White "Riccobon, Elia"]
[Black "Opalic, David"]
[Result "1-0"]
[WhiteElo "1984"]
[BlackElo "1760"]
[PlyCount "59"]
[EventDate "2016.07.23"]
[EventType "swiss"]
[EventRounds "9"]
[EventCountry "SLO"]
[SourceTitle "CBM 173 Extra"]
[Source "ChessBase"]
[SourceDate "2016.08.29"]
[SourceVersion "1"]
[SourceVersionDate "2016.08.29"]
[SourceQuality "1"]

1. e4 e5 2. Nf3 Nc6 3. Nc3 Nf6 4. Bb5 Nd4 5. Bc4 Nxf3+ 6. Qxf3 Be7 7. 0-0 0-0 8. d3 d6 9. h3 c6 10. Bg5 Ne8 11. Bxe7 Qxe7 12. Qe3 Kh8 13. f4 exf4 14. Rxf4 Be6 15. Bb3 Nc7 16. Raf1 Bxb3 17. axb3 a6 18. Qf2 Kg8 19. Ne2 d5 20. Ng3 Ne6 21. Nf5 Qc7 22. Rg4 f6 23. exd5 cxd5 24. Re1 Rfe8 25. Qf3 Qc5+ 26. d4 Qc6 27. Rxe6 Qxe6 28. Rxg7+ Kf8 29. Qh5 Qxf5 30. Qf7# 1-0

[Event "Portoroz op 10th"]
[Site "Portoroz"]
[Date "2016.07.23"]
[Round "1"]
[White "Riccobon, Elia"]
[Black "Zaloznik S, Gal"]
[Result "1-0"]
[WhiteElo "1984"]
[BlackElo "1034"]
[PlyCount "57"]
[EventDate "2016.07.23"]
[EventType "swiss"]
[EventRounds "9"]
[EventCountry "SLO"]
[SourceTitle "CBM 173 Extra"]
[Source "ChessBase"]
[SourceDate "2016.08.29"]
[SourceVersion "1"]
[SourceVersionDate "2016.08.29"]
[SourceQuality "1"]

1. e4 e5 2. Nf3 Nc6 3. Nc3 Nf6 4. Bb5 Bc5 5. 0-0 Qe7 6. Nd5 Nxd5 7. exd5 Nd4 8. Nxd4 Bxd4 9. c3 Bb6 10. d4 0-0 11. Re1 d6 12. Qh5 f6 13. a4 a6 14. Bc4 Qf7 15. Qh4 Bf5 16. Bd2 Kh8 17. a5 Ba7 18. dxe5 fxe5 19. Be3 Bxe3 20. Rxe3 Qf6 21. Qg3 Qg6 22. Rae1 Rf6 23. f4 Qxg3 24. hxg3 Bg6 25. fxe5 dxe5 26. Rxe5 b5 27. axb6 Rxb6 28. Re6 Rxe6 29. dxe6 1-0

[Event "Nova Gorica op 21st"]
[Site "Nova Gorica"]
[Date "2016.02.02"]
[Round "7"]
[White "Srebrnic, Vojko"]
[Black "Riccobon, Elia"]
[Result "1/2-1/2"]
[WhiteElo "2118"]
[BlackElo "1971"]
[PlyCount "54"]
[EventDate "2016.01.29"]
[EventType "swiss"]
[EventRounds "9"]
[EventCountry "SLO"]
[SourceTitle "CBM 170 Extra"]
[Source "ChessBase"]
[SourceDate "2016.02.25"]
[SourceVersion "1"]
[SourceVersionDate "2016.02.25"]
[SourceQuality "1"]

1. Nf3 f5 2. d3 Nf6 3. Nc3 d5 4. d4 e6 5. Bg5 c6 6. e3 Bd6 7. Be2 0-0 8. Ne5 h6 9. Bxf6 Qxf6 10. f4 a6 11. 0-0 Nd7 12. Nxd7 Bxd7 13. Qd2 c5 14. Nd1 cxd4 15. Qxd4 Qxd4 16. exd4 g5 17. fxg5 hxg5 18. Nf2 Rac8 19. c3 Kg7 20. Nd3 Bb5 21. Rf2 Rh8 22. g3 Bc4 23. a3 Rhf8 24. Re1 Rf6 25. Bf1 Bxd3 26. Bxd3 Rc6 27. Kg2 Bc7 1/2-1/2

[Event "Nova Gorica op-A 20th"]
[Site "Nova Gorica"]
[Date "2015.02.04"]
[Round "8"]
[White "Riccobon, Elia"]
[Black "Ciani, Davide"]
[Result "1-0"]
[WhiteElo "1605"]
[BlackElo "1742"]
[PlyCount "45"]
[EventDate "2015.01.30"]
[EventType "swiss"]
[EventRounds "9"]
[EventCountry "SLO"]
[SourceTitle "CBM 164 Extra"]
[Source "ChessBase"]
[SourceDate "2015.03.02"]
[SourceVersion "1"]
[SourceVersionDate "2015.03.02"]
[SourceQuality "1"]

1. e4 e5 2. Nf3 Nc6 3. Nc3 d6 4. d4 exd4 5. Nxd4 Nge7 6. Bc4 Nxd4 7. Qxd4 Nc6 8. Qd1 Be6 9. Bb5 a6 10. Bxc6+ bxc6 11. 0-0 Be7 12. f4 Bc4 13. Rf3 Bf6 14. Ne2 0-0 15. c3 c5 16. b3 Bb5 17. Bb2 Bc6 18. Qc2 Re8 19. Ng3 Bh4 20. Re1 f5 21. Rfe3 Bxg3 22. hxg3 Bxe4 23. Qe2 1-0

[Event "Nova Gorica op-A 20th"]
[Site "Nova Gorica"]
[Date "2015.02.02"]
[Round "6"]
[White "Picco, Ruggero"]
[Black "Riccobon, Elia"]
[Result "1-0"]
[WhiteElo "1954"]
[BlackElo "1605"]
[PlyCount "103"]
[EventDate "2015.01.30"]
[EventType "swiss"]
[EventRounds "9"]
[EventCountry "SLO"]
[SourceTitle "CBM 164 Extra"]
[Source "ChessBase"]
[SourceDate "2015.03.02"]
[SourceVersion "1"]
[SourceVersionDate "2015.03.02"]
[SourceQuality "1"]

1. Nf3 d5 2. g3 b6 3. Bg2 Bb7 4. 0-0 Nf6 5. b3 e6 6. Bb2 Be7 7. d3 c5 8. e3 0-0 9. Nbd2 Nc6 10. e4 d4 11. Nc4 Nd7 12. a4 e5 13. Qe2 Qc7 14. h3 f5 15. exf5 Rxf5 16. g4 Rf7 17. Nfxe5 Ncxe5 18. Bxb7 Nxg4 19. hxg4 Qxb7 20. Qe4 Qxe4 21. dxe4 Rf4 22. f3 Raf8 23. Kg2 a5 24. Rae1 Bh4 25. Re2 Bd8 26. Bc1 R4f7 27. f4 Nf6 28. Kg3 Bc7 29. e5 Re7 30. Rfe1 Nd5 31. Bd2 g6 32. Re4 Rfe8 33. Kf3 Rf8 34. Kg2 Rfe8 35. R4e2 Rf7 36. Nd6 Bxd6 37. exd6 Rxe2+ 38. Rxe2 Rd7 39. Re6 Kf7 40. f5 gxf5 41. gxf5 Ne3+ 42. Bxe3 dxe3 43. Kf3 Rd8 44. Kxe3 Rh8 45. Ke4 h5 46. Kd5 h4 47. Kc6 h3 48. d7 h2 49. Re1 Kf6 50. Kc7 Kxf5 51. Rh1 Ke5 52. d8Q 1-0

[Event "Nova Gorica op-A 20th"]
[Site "Nova Gorica"]
[Date "2015.01.31"]
[Round "3"]
[White "Riccobon, Elia"]
[Black "Leonardi, Caterina"]
[Result "1/2-1/2"]
[WhiteElo "1605"]
[BlackElo "2040"]
[PlyCount "64"]
[EventDate "2015.01.30"]
[EventType "swiss"]
[EventRounds "9"]
[EventCountry "SLO"]
[SourceTitle "CBM 164 Extra"]
[Source "ChessBase"]
[SourceDate "2015.03.02"]
[SourceVersion "1"]
[SourceVersionDate "2015.03.02"]
[SourceQuality "1"]

1. e4 d6 2. d4 g6 3. c4 Bg7 4. Nf3 Nd7 5. Nc3 c5 6. b3 cxd4 7. Nxd4 Qa5 8. Bb2 Ngf6 9. Bd3 Qg5 10. 0-0 h5 11. Ndb5 Kf8 12. Nd5 Ng4 13. Bxg7+ Kxg7 14. Nd4 Nxh2 15. Kxh2 Qe5+ 16. f4 Qxd4 17. Nxe7 Nf6 18. Nxc8 Ng4+ 19. Kh1 Raxc8 20. Qf3 Rce8 21. Rae1 f5 22. exf5 Nf2+ 23. Kh2 Rxe1 24. Rxe1 Nxd3 25. Re4 Qf6 26. Qxd3 gxf5 27. Rd4 Qh4+ 28. Qh3 Qf6 29. Rd5 Kg6 30. Qg3+ Kf7 31. Qd3 Qh4+ 32. Kg1 Qe1+ 1/2-1/2